| 000 -LEADER |
| fixed length control field |
00401cam a22001337a 4500 |
| 008 - FIXED-LENGTH DATA ELEMENTS--GENERAL INFORMATION |
| fixed length control field |
180718b1997 xxu||||| |||| 00| 0 eng d |
| 020 ## - INTERNATIONAL STANDARD BOOK NUMBER |
| International Standard Book Number |
8185131090 |
| 082 ## - DEWEY DECIMAL CLASSIFICATION NUMBER |
| Classification number |
P95173 Sh23 |
| 245 ## - TITLE STATEMENT |
| Title |
Handbook of Indian research journals |
| Statement of responsibility, etc. |
edited by H.D. Sharma |
| 260 ## - PUBLICATION, DISTRIBUTION, ETC. |
| Place of publication, distribution, etc. |
Varanasi |
| Name of publisher, distributor, etc. |
Indian Bibliogrphic Centre |
| Date of publication, distribution, etc. |
1997 |
| 300 ## - PHYSICAL DESCRIPTION |
| Extent |
274p. |
| 650 ## - SUBJECT ADDED ENTRY--TOPICAL TERM |
| Topical term or geographic name entry element |
Periodicals, Publishing of - India |
| 700 ## - ADDED ENTRY--PERSONAL NAME |
| Personal name |
Sharma, H.D. |